00900nam a2200253 i 4500001000700000003000900007007000300016008004100019080001500060080001600075100002900091245010600120260006400226300003800290490001100328500002900339650003200368650002400400700002900424830001900453852003300472999001900505952012200524105543ES-MaACLt|060724s1969 fr ||||1| fre d a331.105.44 a330.85(091)1 aPannekoek, Anton.98880110aPannekoek et les conseils ouvriers / ctextes choisis, traduits et présentés par Serge Bricianer. aParis : bEtudes et Documentation Internationales, c[1969] a301 p. : bretr. autor ; c21 cm.1 aPraxis aBiblioteca Juan Andrade.14aComunismo-vHistoria91122214aSindicalismo9171101 aBricianer, Serge.9316880 aPraxis9232746 aES-MaACLjAND-341 bR.109646 c105543d105543 00104070aATENEOMbATENEOMcDEPO2d2008-01-17eSCl0oAND-341p1110192r2023-02-23 00:00:00w2023-02-23yMONOGRAFIA